<?xml version="1.0" encoding="UTF-8"?>
<marc:record xmlns:marc="http://www.loc.gov/MARC21/slim">
   <marc:leader>00000nam a2200000 a 4500</marc:leader>
   <marc:datafield ind1="1" ind2=" " tag="100">
      <marc:subfield code="a">Johnson, Pete</marc:subfield>
      <marc:subfield code="4">aut</marc:subfield>
      <marc:subfield code="e">Verfasser/-in</marc:subfield>
   </marc:datafield>
   <marc:datafield ind1=" " ind2=" " tag="653">
      <marc:subfield code="a">Wie man seine Eltern / Kinderbuchreihe</marc:subfield>
   </marc:datafield>
   <marc:datafield ind1=" " ind2=" " tag="653">
      <marc:subfield code="a">humorvolles Kinderbuch</marc:subfield>
   </marc:datafield>
   <marc:datafield ind1=" " ind2=" " tag="653">
      <marc:subfield code="a">Eltern / humorvolle Kinderbuch-Reihe / ab 10</marc:subfield>
   </marc:datafield>
   <marc:datafield ind1=" " ind2=" " tag="653">
      <marc:subfield code="a">Eltern / Kinderbuchthema</marc:subfield>
   </marc:datafield>
   <marc:datafield ind1=" " ind2=" " tag="653">
      <marc:subfield code="a">Teenager / Hauptfigur</marc:subfield>
   </marc:datafield>
   <marc:datafield ind1="0" ind2="0" tag="245">
      <marc:subfield code="a">Wie man seine Eltern erzieht</marc:subfield>
   </marc:datafield>
   <marc:datafield ind1="0" ind2="0" tag="245">
      <marc:subfield code="c">Pete Johnson. Aus dem Englischen von Maja von Vogel. Illustrationen von Thorsten Saleina</marc:subfield>
   </marc:datafield>
   <marc:datafield ind1=" " ind2="1" tag="264">
      <marc:subfield code="a">München</marc:subfield>
      <marc:subfield code="b">arsEdition</marc:subfield>
      <marc:subfield code="c">2021</marc:subfield>
   </marc:datafield>
   <marc:datafield ind1="1" ind2=" " tag="490">
      <marc:subfield code="a">Wie man seine Eltern ...</marc:subfield>
      <marc:subfield code="v">1</marc:subfield>
   </marc:datafield>
   <marc:datafield ind1="1" ind2=" " tag="520">
      <marc:subfield code="a">Ein witziger Roman über das chaotische Leben als Teenager#Dieses Kinderbuch ist die perfekte Lektüre für alle Fans von "Gregs Tagebuch" oder "Tom Gates". Luis bringt nicht nur seine Mitschüler, sondern auch alle Leserinnen und Leser zum Lachen. [...] Auch das noch! Luis muss mit seiner Familie umziehen und an seiner neuen Schule gibt es nur Streber. Außerdem sind alle Lehrer humorlos und langweilig. Keiner versteht Luis' wahnsinnig lustigen Witze und seine Karriere als Comedy-Star kann er hier wohl knicken. Zu allem Überfluss benehmen sich seine Eltern plötzlich äußerst merkwürdig und verlangen von ihm mehr schulisches Engagement ... Doch dann hat Luis die rettende Idee: Er meldet sich heimlich zu einem Casting an. Jetzt wird er endlich ein Star! Von Bestsellerautor Pete Johnson: Der Autor der beliebten "Wie man 13 wird"-Reihe legt wieder los. [...] Idealer Lesestoff für Jungs und Mädchen ab 10 Jahren. So macht Lesen Spaß: Kurze Kapitel im Blog-Stil, ein sympathischer Held und witzige Geschichten. Das Leben als Teenager: Zwischen Eltern, Lehrern und Schule erlebt Luis viele chaotisch-lustige Abenteuer. (Verlagsinformation)</marc:subfield>
   </marc:datafield>
   <marc:datafield ind1=" " ind2=" " tag="020">
      <marc:subfield code="a">9783845839431</marc:subfield>
      <marc:subfield code="9">9783845839431</marc:subfield>
   </marc:datafield>
   <marc:datafield ind1=" " ind2=" " tag="041">
      <marc:subfield code="a">ger</marc:subfield>
   </marc:datafield>
   <marc:datafield ind1=" " ind2=" " tag="500">
      <marc:subfield code="a">Altersempfehlung: ab 10 Jahren. Titel der Originalausgabe: "How to Train Your Parents" (erschienen 2003 im Verlag Random House Children's Books). Die deutsche Erstausgabe ist 2005 unter dem Titel "Bühne frei für Louis" erschienen.</marc:subfield>
   </marc:datafield>
   <marc:datafield ind1=" " ind2=" " tag="300">
      <marc:subfield code="a">176 Seiten</marc:subfield>
   </marc:datafield>
</marc:record>
